00759cam a2200205 a 450000100100000000500170001000800410002704000250006808200200009310000390011324500540015226000330020630000280023949000280026765000420029565000420033783000360037995201230041599900150053800000900620200929161449.0750603s1973 ck a 000 0 spa  aDO-SdBNPbspacBNPHU aCo863.44bG216c1 aGarcía Mejía, Hernando.92363110aCuento para soñar /cHernando García Mejía. aMedellín :bBedout,c1973. a155 p. :bil. ;c19 cm.1 aBolsilibros Bedoutv133 4aCuentos infantiles colombianos923632 4aLiteratura infantil colombiana923633 0aBolsilibros Bedout ;v13393750 001052708MOaGRbGRcCTd2009-09-22iLF1l0oCo863.44 G216cp9006-10r2020-06-25w2020-06-25y2ZPréstamo interno c8770d8770